| 000 | 00771nam a22002897a 4500 | ||
|---|---|---|---|
| 001 | BR0805852 | ||
| 003 | BR-BrBNA | ||
| 005 | 20230928102710.0 | ||
| 007 | ta | ||
| 008 | 230509b bl.||||| |||| 00| 0 por d | ||
| 040 |
_aBR-BrBNA _bpor _cBiblioteca Nacional de Agricultura |
||
| 041 | _a(Por) | ||
| 072 |
_aL72 _b5000 |
||
| 090 | _ 5000 BR0805852 | ||
| 100 | 1 | _aGeorgi, J.R. | |
| 245 | 1 |
_aParasitologia veterinária _bDocumento tombado pelo MA-DF, n. 59294 |
|
| 250 | 1 | _a3. ed. | |
| 260 | 3 |
_aRio de Janeiro, RJ (Brasil): _c1982. |
|
| 300 | _a353 p. | ||
| 500 | _aSeveral bibliography | ||
| 650 | _aMAMÍFERO DOMÉSTICO | ||
| 650 | _aARTRÓPODE | ||
| 650 | _aINSETO | ||
| 650 | _aPARASITO DE ANIMAL | ||
| 909 |
_a202309 _bLucia _c55 _dLucia Elande |
||
| 942 | _cBK | ||
| 999 |
_c72093 _d72093 |
||